000 008850000a22002290004500
003 LK-CoMWRAF
005 20240315120059.0
008 230817t2008 ||||| |||| 00| 0 eng d
040 _aLK-CoMWRAF
_dLK-CoMWRAF
_eLK-CoMWRAF
041 _aeng
082 _a305.42
_bTHI
100 _aThiruchandran, Selvy
242 _aThe dilemma of theories: a feminist perspective
245 _aபெண்நிலைவாதமும் கோட்ப்பாட்டு முரண்பாடுகளும்:
_bஒரு சமூகவியல் நோக்கு
246 _aPeṇṇilaivātamum kōṭppāṭṭu muraṇpāṭukaḷum oru camūkaviyal nōkku
260 _aColombo:
_bWomen's Education and Research Centre,
_c2008
300 _a106 p.
_bBibliography included
650 _aFEMINISM
650 _aFeminist theory
650 _aWomen's rights
942 _cBK
999 _c2883
_d2883